000 01134nam a2200313 i 4500
001 192499
003 ES-MaACL
005 20241113173358.0
008 230120s2020 sp |||| ||spa d
017 _aM-3161-2020
_bOficina Depósito Legal Madrid
020 _a9788409176113
040 _cES-MaACL
080 _a791.862
080 _a929 (082.2)
245 0 0 _aMi torero /
_c[edición, Rafael Cabrera Bonet ; prólogo, Ignacio Castro Rey]
260 _aMadrid :
_bTertulia Internacional de Juegos y Ritos Táuricos,
_c2020
300 _a112 páginas, [1] página de lámina ;
_c18 cm.
500 _aÍndice
504 _aBibliografía: página 112
650 4 _aTauromaquia-
_xAspectos sociales.
_9176262
650 4 _aToreros-
_zBiografías.
_917560
700 1 _9155331
_aCabrera Bonet, Rafael
_epbl
700 1 _aCastro, Ignacio,
_d1952-
_eaui
_9234941
710 2 _9155328
_aTertulia Internacional de Juegos y Ritos Táuricos
852 _aES-MaACL
_jN-8095
_bR. 152925
_cDEPOJ
_hDonación: Editorial
_9199793
942 _cMONOGRAFIA
_n0
999 _c192499
_d192499